LEADER 00815nam0-22002891i-450- 001 990002761200403321 005 20060526112908.0 035 $a000276120 035 $aFED01000276120 035 $a(Aleph)000276120FED01 035 $a000276120 100 $a20030910d1981----km-y0itay50------ba 101 0 $aeng 200 1 $aRetailing today$fby James D.L., Bruce J . Walker and Michael J. Etzel 205 $a2nd ed. 210 $aNew York$cHarcourt Brace & World Inc.$d1981 215 $ap. 543$dcm 24 700 1$aJames,$bDon L.$0112786 701 1$aWalker,$bBruce J.$0148185 701 1$aEtzel,$bMichael J.$0148184 801 0$aIT$bUNINA$gRICA$2UNIMARC 901 $aBK 912 $a990002761200403321 952 $a4-8-403$btic$fECA 959 $aECA 996 $aRetailing today$9422388 997 $aUNINA LEADER 01017nam--2200301---4500 001 990000644870203316 035 $a0064487 035 $aUSA010064487 035 $a(ALEPH)000064487USA01 035 $a0064487 100 $a20010928d1853----km-y0ENGy0103----ba 101 $aita 102 $aIT 200 1 $aEnciclopedia legale ovvero dizionario di diritto civile, penale, ecclesiastico, commerciale ed amministrativo$fFrancesco Dias 210 $aNapoli$ctip. A. Festa, G. Di Majo$d1853-1862 215 $a12 v.$d23 cm 410 $12001 700 1$aDIAS,$bFrancesco$08502 801 0$aIT$bsalbc$gISBD 912 $a990000644870203316 951 $aFV B 12 6 9-20$b5878-5889$cFV B 12 6 959 $aBK 969 $aF.VENTIMIGLIA 979 $aPATTY$b90$c20010928$lUSA01$h1030 979 $c20020403$lUSA01$h1714 979 $aPATRY$b90$c20040406$lUSA01$h1645 996 $aEnciclopedia legale ovvero dizionario di diritto civile, penale, ecclesiastico, commerciale ed amministrativo$9958273 997 $aUNISA